| 000 | 00366 a2200169 4500 | ||
|---|---|---|---|
| 001 | 56508 | ||
| 020 | _a8526225928 | ||
| 040 | _cAnchieta - Pituba | ||
| 100 | _aCaruso, Aristides | ||
| 240 | 1 | 0 |
_aO espião invisível _lpor |
| 245 | 1 | 0 | _aO espião invisível |
| 300 | _a48 | ||
| 362 | 0 | _a1995 | |
| 440 | 1 | _aScipione | |
| 650 | 4 | _aLiteratura juvenil | |
| 942 | _cBK | ||
| 999 |
_c56508 _d56508 |
||